00533 a2200169 450000500170000000800410001702000180005804000500007604100080012610000180013424500560015226000640020830000180027249000310029065000190032165000230034020170324090708.0170324s2017 ck ||||gr|||| 000 0 spa d a9789587726381 aCO-BoUCMbspacSandra PalaciodSandra Palacio0 aspa1 aNeruda, Pablo10aMi corazón se desató en el vientocPablo Neruda bUniversidad Externado de ColombiaaBogotá, Colombiac2017 a80 páginas0 aUn libro por centavosv13217aPoesia chilena27aLiteratura chilena